ARRUPE JESUIT UNIVERSITY

CORONAVIRUS -STOP THE SPREAD - CLEAN,DISINFECT,COVER

Towards an Igbo metaphysics / (Record no. 127972)

MARC details
000 -LEADER
fixed length control field 00791cam a2200253 a 4500
001 - CONTROL NUMBER
control field 480241
003 - CONTROL NUMBER IDENTIFIER
control field ARRUPE
005 - DATE AND TIME OF LATEST TRANSACTION
control field 20180424150546.0
008 - FIXED-LENGTH DATA ELEMENTS--GENERAL INFORMATION
fixed length control field 840914s1985 ilub b 000 0 eng
010 ## - LIBRARY OF CONGRESS CONTROL NUMBER
LC control number 84021788
020 ## - INTERNATIONAL STANDARD BOOK NUMBER
International Standard Book Number 0829404600 (pbk.)
040 ## - CATALOGING SOURCE
Original cataloging agency DLC
Transcribing agency DLC
Modifying agency DLC
043 ## - GEOGRAPHIC AREA CODE
Geographic area code f-nr---
050 00 - LIBRARY OF CONGRESS CALL NUMBER
Classification number DT515.45.I33
Item number E34 1985
082 00 - DEWEY DECIMAL CLASSIFICATION NUMBER
Classification number 110/.89963
Edition number 19
300 ## - PHYSICAL DESCRIPTION
Other physical details maps ;
Dimensions 23 cm.
100 1# - MAIN ENTRY--PERSONAL NAME
Personal name Edeh, Emmanuel M. P.
9 (RLIN) 41623
245 10 - TITLE STATEMENT
Title Towards an Igbo metaphysics /
Statement of responsibility, etc Emmanuel M.P. Edeh.
260 ## - PUBLICATION, DISTRIBUTION, ETC. (IMPRINT)
Place of publication, distribution, etc Chicago :
Name of publisher, distributor, etc Loyola University Press,
Date of publication, distribution, etc c1985.
300 ## - PHYSICAL DESCRIPTION
Extent x, 182 p. :
504 ## - BIBLIOGRAPHY, ETC. NOTE
Bibliography, etc Bibliography: p. 179-182.
650 #0 - SUBJECT ADDED ENTRY--TOPICAL TERM
Topical term or geographic name as entry element Philosophy, Igbo.
9 (RLIN) 41624
650 #0 - SUBJECT ADDED ENTRY--TOPICAL TERM
Topical term or geographic name as entry element Igbo (African people)
9 (RLIN) 37111
906 ## - LOCAL DATA ELEMENT F, LDF (RLIN)
a 7
b cbu
c orignew
d 1
e ocip
f 19
g y-gencatlg
942 ## - ADDED ENTRY ELEMENTS (KOHA)
Source of classification or shelving scheme Library of Congress Classification
Koha item type Monograph ( Printed materials)
Holdings
Withdrawn status Lost status Source of classification or shelving scheme Damaged status Not for loan Collection code Home library Current library Shelving location Date acquired Total Checkouts Full call number Barcode Date last seen Price effective from Koha item type
    Library of Congress Classification     Main Collection ARRUPE LIBRARY ARRUPE LIBRARY Main Collection 24/04/2018   DT515.45.I33 E34 1985 46600001620 24/04/2018 24/04/2018 Monograph ( Printed materials)

 

Arrupe Library. PO Box MP320 Mt Pleasant, Harare, Zimbabwe
263 242 745411|librarian@aju.ac.zw